Statistics for Iconic Vehicles from TV and Movies

Click here to take the quiz!

General Stats

  • This quiz has been taken 39 times
  • The average score is 12 of 22

Answer Stats

Vehicle TV Show/Movie % Correct
The BatmobileBatman
94%
The Starship EnterpriseStar Trek
89%
The Millennium FalconStar Wars
89%
The DeLoreanBack to the Future
86%
The BluesmobileThe Blues Brothers
81%
Greased LightningGrease
75%
The Mystery MachineScooby Doo
75%
Lightning McQueenCars
72%
KITTKnight Rider
72%
The General LeeThe Dukes of Hazzard
72%
Ecto-1Ghostbusters
58%
HerbieThe Love Bug
53%
The Invisible PlaneWonder Woman
42%
The S.S. MinnowGilligan's Island
39%
Pizza Planet Delivery TruckToy Story
36%
The Mutt Cutts VanDumb and Dumber
33%
EleanorGone in 60 Seconds
28%
The Vista CruiserThat 70's Show
25%
The Stair CarArrested Development
17%
Wagon Queen Family TrucksterNational Lampoon's Vacation
17%
'67 ImpalaSupernatural
11%
The Striped TomatoStarsky and Hutch
8%

Score Distribution

Percentile by Number Answered

Percent of People with Each Score

Your Score History

You have not taken this quiz